|
|
|
|
| LEADER |
01947nam a2200457 i 4500 |
| 001 |
EBC1661061 |
| 003 |
MiAaPQ |
| 005 |
20200520144314.0 |
| 006 |
m o d | |
| 007 |
cr cnu|||||||| |
| 008 |
140413t20142014cau o 001 0 eng d |
| 020 |
|
|
|z 9780944205570
|
| 020 |
|
|
|a 9780944205563 (e-book)
|
| 035 |
|
|
|a (MiAaPQ)EBC1661061
|
| 035 |
|
|
|a (Au-PeEL)EBL1661061
|
| 035 |
|
|
|a (CaPaEBR)ebr10855074
|
| 035 |
|
|
|a (CaONFJC)MIL587540
|
| 035 |
|
|
|a (OCoLC)875632481
|
| 040 |
|
|
|a MiAaPQ
|b eng
|e rda
|e pn
|c MiAaPQ
|d MiAaPQ
|
| 043 |
|
|
|a n-us---
|
| 050 |
|
4 |
|a HF5635
|b .P56 2014
|
| 082 |
0 |
|
|a 657
|2 23
|
| 100 |
1 |
|
|a Pinson, Linda,
|e author.
|
| 245 |
1 |
0 |
|a Keeping the books : Basic Recordkeeping and Accounting for Small Business (8th Edition) :
|b basic recordkeeping and accounting for the small business /
|c Linda Pinson.
|
| 250 |
|
|
|a Eight edition.
|
| 264 |
|
1 |
|a Tustin, California :
|b Out of your mind ... and into the marketplace,
|c 2014.
|
| 264 |
|
4 |
|c 2014
|
| 300 |
|
|
|a 1 online resource (226 pages)
|
| 336 |
|
|
|a text
|2 rdacontent
|
| 337 |
|
|
|a computer
|2 rdamedia
|
| 338 |
|
|
|a online resource
|2 rdacarrier
|
| 500 |
|
|
|a Includes index.
|
| 588 |
|
|
|a Description based on online resource; title from PDF title page (ebrary, viewed April 7, 2014).
|
| 590 |
|
|
|a Electronic reproduction. Ann Arbor, MI : ProQuest, 2015. Available via World Wide Web. Access may be limited to ProQuest affiliated libraries.
|
| 650 |
|
0 |
|a Bookkeeping.
|
| 650 |
|
0 |
|a Small business
|z United States.
|
| 650 |
|
0 |
|a Small business.
|
| 655 |
|
4 |
|a Electronic books.
|
| 776 |
0 |
8 |
|i Print version:
|a Pinson, Linda.
|t Keeping the books : basic recordkeeping and accounting for the small business.
|b Eight edition.
|d Tustin, California : Out of your mind ... and into the marketplace, c2014
|h xi, 212 pages
|z 9780944205570
|
| 797 |
2 |
|
|a ProQuest (Firm)
|
| 856 |
4 |
0 |
|u https://ebookcentral.proquest.com/lib/matrademy/detail.action?docID=1661061
|z Click to View
|